00471nam a2200181Ia 4500003000400000008004100004040001600045082001500061100002000076245004300096260004000139300000800179650001400187650002300201650002200224650002100246650002200267GCL140319s9999 xx 000 0 eng d aGCL / cGCL04a753.2bW O1 aWHITTAKER, CLIO10aORIENTAL MYTHOLOGY / cWHITTAKER, CLIO a[S.N] : bTHE APPLE PRESS ، c1989 a12704aMYTHOLOGY04aORIENTAL MYTHOLOGY04aMYTHOLOGY - CHINA04aINDIAN MYTHOLOGY04aJAPAN - MYTHOLOGY